| 000 | 01175nam a2200217Ia 4500 | ||
|---|---|---|---|
| 003 | Ost | ||
| 005 | 20260507075633.0 | ||
| 008 | 260507s9999||||xx |||||||||||||| ||und|| | ||
| 020 | _a1704319953 | ||
| 040 | _cfsecg | ||
| 041 | _aara | ||
| 082 | _a338.9 | ||
| 100 |
_aصولو، روبرت _eمؤلف |
||
| 245 | 0 |
_aنظرية النمو / _c روبرت صولو |
|
| 250 | _aطبعة 3 | ||
| 260 |
_aبيروت: _bمركز دراسات الوحدة العربية, _c2000 |
||
| 300 |
_a327 صفحة؛ _c21 سم |
||
| 520 | _aتجد في هذا الكتاب : خصائص الأوضاع المتواترة ، معامل رأس المال ، نموذج من دون إحلال مباشر ، نموذج بنوعين من الأصول الرأس مالية ، السياسة الإقتصادية في نموذج للنمو مظاهر السياسة الإقتصادية ، رأس المال البشري، التكنولوجيا الداخلية ، السلعة الإستهلاكية الجديدة أفكار شومبيترية ، دروس وإقتراحات حول نظرية النمو الكلي | ||
| 653 | _aالتنمية الاقتصادية | ||
| 942 | _cكتاب | ||
| 999 |
_c45241 _d45241 |
||